000 00507nmm a22001817a 4500
005 20160525181753.0
008 150703b xxu||||| |||| 00| 0 spa d
041 _aspa
082 _aSE 136
100 _aSegura García, Yulied
_910287
245 _aInforme de práctica supervisada realizado en la Junta de Educación de Cartago
260 _c2015
650 _aSECRETARIADO EJECUTIVO
_910420
650 _aDOCUMENTOS
_92577
650 _aEQUIPO DE OFICINA
_94145
650 _aACTAS
_91539
942 _cIP
999 _c8211
_d8211